Thành đoàn thời bí mật

Сохранить в:
Библиографические подробности
Формат:
Язык:Undetermined
Опубликовано: Thành Phố Hồ Chí Minh Thành Phố Hồ Chí Minh
Предметы:
Метки: Добавить метку
Нет меток, Требуется 1-ая метка записи!
Thư viện lưu trữ: Trung tâm Học liệu Trường Đại học Cần Thơ
LEADER 00545nam a2200181Ia 4500
001 CTU_137514
008 210402s9999 xx 000 0 und d
020 |c 25000 
082 |a 959.7 
082 |b Th107/CD.2 
245 0 |a Thành đoàn thời bí mật 
245 0 |c Hãng phim trẻ 
260 |a Thành Phố Hồ Chí Minh 
260 |b Thành Phố Hồ Chí Minh 
650 |a Vietnam,Việt Nam 
650 |x History,Lịch sử 
904 |i Tuyến 
980 |a Trung tâm Học liệu Trường Đại học Cần Thơ